Extrait des procès-verbaux et mémoires du Congrès International de Météorologie
Descripción Física:
[4] p. ; 26 cm
Otros Autores:
Gorría, Hermenegildo
MARC
| LEADER | 00000nam a2200000Ia 4500 | ||
|---|---|---|---|
| 001 | 19396 | ||
| 008 | 160829s1900 xx 000 0 cat d | ||
| 080 | |a 1950, exp. 11 | ||
| 100 | |a Congrès International de Météorologie (1900 : Paris) |9 48383 | ||
| 245 | |a Extrait des procès-verbaux et mémoires du Congrès International de Météorologie | ||
| 260 | |a París : |b Gauthier - Villars, |c 1900 | ||
| 300 | |a [4] p. ; |c 26 cm | ||
| 590 | |a Inclou: Les Observations météorologiques en Espagne de M. Hermenegildo Gorría | ||
| 650 | |a Meteorologia |x Observacions |x Congressos |9 48384 | ||
| 700 | |a Gorría, Hermenegildo |9 38115 | ||
| 901 | |a Arxiu | ||
| 942 | |n 1 | ||
| 952 | |0 0 |1 0 |4 0 |6 1950_EXP_11 |7 1 |9 54506 |a Arxiu |b Arxiu |d 2016-12-01 |l 0 |o 1950, exp. 11 |p 19396 |r 2016-12-01 00:00:00 |w 2016-12-01 |y ARXIU | ||
| 999 | |c 58375 |d 58375 | ||